AGROFORESTRY SYSTEMS (Record no. 18761)

MARC details
000 -LEADER
fixed length control field 00438nam a2200145Ia 4500
022 ## - INTERNATIONAL STANDARD SERIAL NUMBER
ISSN 0167-4366
245 #0 - TITLE STATEMENT
Title AGROFORESTRY SYSTEMS
260 ## - PUBLICATION, DISTRIBUTION, ETC. (IMPRINT)
Name of publisher Kluwer Academic Publishers, Dordrecht, The Netherlands
310 ## - CURRENT PUBLICATION FREQUENCY
Current publication frequency BM
500 ## - GENERAL NOTE
General note Ending Volume & Year: 51, 2001
500 ## - GENERAL NOTE
General note Missing Volume: 5(1);13-44 publication stopped
500 ## - GENERAL NOTE
General note Starting Volume & Year: 2, 1984
942 ## - ADDED ENTRY ELEMENTS (KOHA)
Koha item type Bound Journal
Holdings
Withdrawn status Lost status Damaged status Not for loan Home library Current library Date acquired Accession Number Koha item type
      Bound journals RRII Library RRII Library 31/12/2021 20725J Bound Journal